|
|
|
|
| LEADER |
00000nab a2200000 a 4500 |
| 001 |
vtls000913114 |
| 003 |
SK-MaSNL |
| 005 |
20260303202824.0 |
| 008 |
040720e19911207xo 0 slo |
| 035 |
|
|
|a KE22016
|
| 040 |
|
|
|a KEVKJB
|b slo
|c KEVKJB
|e AACR2
|
| 041 |
0 |
|
|a slo
|
| 044 |
|
|
|a xo
|c SK
|
| 080 |
|
|
|a 797.25
|2 1981
|
| 100 |
0 |
|
|a /ajo/
|4 aut
|9 1234825
|
| 245 |
1 |
0 |
|a Fabrikanti v majstrovských tituloch
|b 30 - ročné jubileum pólistov ŠKP Košice
|
| 610 |
2 |
7 |
|a Športový klub policajtov, Košice
|2 KEVKJB
|9 882449
|
| 650 |
0 |
7 |
|a vodné pólo
|2 KEVKJB
|9 3219
|
| 650 |
0 |
7 |
|a bilancia úspechov športových
|2 KEVKJB
|9 1234826
|
| 651 |
|
7 |
|a KE,
|2 KEVKJB
|9 877256
|
| 655 |
|
7 |
|a periodikum
|2 snkbucl
|9 29553
|
| 710 |
2 |
|
|a Športový klub policajtov, Košice
|4 aut
|9 882449
|
| 773 |
0 |
8 |
|t Štart
|g Roč. 45
|g Roč. 28, č.287, 7.12.1991, s. 6
|
| 852 |
|
|
|a ZVYKNI
|b KIS3GCP
|
| 999 |
|
|
|c 2182016
|d 2183946
|